000 00541nam a2200193Ia 4500
005 20260114185559.0
008 008 260114s9999 xx 000 0 eng d
020 _a9781350138292
037 _aEBOOK
040 _aCRL
_beng
_cCRL
041 _aeng
_2eng
084 _qCRL
100 _aKaren Radner
_9871824
245 2 _aA Short History of Babylon
260 _bBloomsbury
_c2020
856 _uhttps://doi.org/10.5040/9781350138292?locatt=label:secondary_bloomsburyCollections
942 _cEBOOK
999 _c1470772
_d1470772